Football : Classement Premier League 2025-2026 - Statistiques

Statistiques générales
  • Ce quiz a été pris 45 fois
  • Le résultat moyen est 15 sur 20
Statistiques - réponses
Place Club % Correct
1 Arsenal
100%
2 Manchester City
98%
3 Manchester United
98%
4 Aston Villa
95%
5 Liverpool
95%
10 Chelsea
83%
6 Bournemouth
80%
17 Tottenham
78%
18 West Ham
78%
7 Sunderland
73%
20 Wolves
73%
13 Everton
68%
12 Newcastle
63%
19 Burnley
60%
9 Brentford
58%
15 Crystal Palace
58%
14 Leeds
58%
8 Brighton
55%
11 Fulham
53%
16 Nottingham Forrest
53%
Aucun quiz correspondant
Distribution des résultats
% des personnes avec chaque résultat
Percentile par nombre de réponses
Votre historique - résultats
Vous n’avez pas pris ce quiz